000 01023cam a22003014a 4500
999 _c1308
_d1308
001 13208423
003 GZU
005 20201006113209.0
008 030522s2004 nyua b 001 0 eng
010 _a 2003044231
020 _a0393979180
040 _aDLC
_cDLC
042 _apcc
050 0 0 _aHB172
_b.M36 2004
082 0 0 _a338.5
_221
100 1 _aMansfield, Edwin.
245 1 0 _aMicroeconomics :
_btheory/applications /
_cEdwin Mansfield and Gary Yohe.
250 _a11th ed.
260 _aNew York :
_bNorton,
_cc2004.
300 _axxiv, 714 p. :
_bill. (some col.) ;
_c24 cm.
500 _aInstructional materials are available to supplement the text.
504 _aIncludes bibliographical references and index.
650 0 _aMicroeconomics.
700 1 _aYohe, Gary Wynn,
_d1948-
906 _a7
_bcbc
_corignew
_d1
_eocip
_f20
_gy-gencatlg
942 _2lcc
_cBK
_e11th ed.
_h171.5
_iMAN
_kHB